| 000 | 00594cam a2200229ua 4500 | ||
|---|---|---|---|
| 001 | 9318 | ||
| 005 | 20260515114443.0 | ||
| 008 | 150620n ii |||gr||||Z||||||asm | ||
| 020 | _a8173392439 | ||
| 040 | _cMAIN | ||
| 041 | _aasm | ||
| 082 | _a301.072 | ||
| 100 |
_aAhmed, Giyashuddin, _eAuthor. |
||
| 245 | 1 |
_aSamajik gavesana aru iar kaushal pranali _cby Giyashuddin Ahmed |
|
| 250 | _aNew ed. | ||
| 260 |
_aDibrugarh: _bBanalata, _c2013. |
||
| 300 | _a223p. | ||
| 653 | _aSociology & anthropology | ||
| 653 | _aSocial research | ||
| 700 |
_aBorgohain, Himanta, _eAuthor. |
||
| 942 | _cBK | ||
| 999 |
_c8373 _d8373 |
||